000 005820000a22001810004500
003 MACL
005 20160403145543.0
008 160403b xxu||||| |||| 00| 0 eng d
040 _aMACL
_cMACL
041 _aHindi
082 _a400
100 _aसुमन बिचार दास
_950320
245 _aराजभाषा हिंदी : साक्षात्‍कार परीक्षा
260 _bभावना प्रकाशन
_c2007
_aनई दिल्‍ली
350 _a100
650 _aLanguage
_950321
942 _cHIN
_k400/DAS/LA
_2ddc
999 _c22345
_d22345